| 000 | 00515nam a2200205Ia 4500 | ||
|---|---|---|---|
| 005 | 20250425162727.0 | ||
| 008 | 250425s9999 xx 000 0 und d | ||
| 020 | _a9978230300 | ||
| 041 | _aspa | ||
| 043 | _aec | ||
| 082 |
_a070.44 _pOQU |
||
| 100 | _aOquendo, Diego | ||
| 245 | 0 |
_aVoces en el papel _cDiego Oquendo |
|
| 250 | _aPrimera edición | ||
| 260 |
_aQuito _bParadiso Editores _c2007 |
||
| 300 |
_a624 páginas _bilustraciones _c22 cm. |
||
| 650 | _aEntrevistas | ||
| 942 | _c01 | ||
| 010 | _a103468 | ||
| 999 |
_c235207 _d235207 |
||